[Event "WchT Seniors 50"]
[Site "Prague"]
[Date "2025.02.25"]
[Round "8.3"]
[White "Horvath, Peter"]
[Black "Guo, Yun"]
[Result "1-0"]
[WhiteElo "2354"]
[BlackElo "2213"]
[PlyCount "117"]
[EventDate "2025.02.17"]
[EventType "team-swiss"]
[EventRounds "9"]
[EventCountry "CZE"]
[SourceTitle "CB09_2025"]
[SourceDate "2025.02.27"]
[SourceVersion "1"]
[SourceVersionDate "2025.02.27"]
[SourceQuality "1"]
[WhiteTeam "Hungary 50"]
[BlackTeam "China (W) 50"]
[WhiteTeamCountry "HUN"]
[BlackTeamCountry "CHN"]

1. d4 d6 2. Nf3 Nd7 3. c4 e5 4. Nc3 Ngf6 5. e4 c6 6. Be2 Be7 7. 0-0 0-0 8. Qc2 a6 9. Rd1 Qc7 10. Be3 Re8 11. Rac1 b6 12. a3 a5 13. b4 axb4 14. axb4 Bb7 15. h3 Bf8 16. d5 c5 17. Rb1 Ba6 18. Nd2 Rec8 19. Rb3 Be7 20. Qb2 Bd8 21. Ra1 cxb4 22. Rxb4 Nc5 23. Na4 Rcb8 24. Nc3 h6 25. Rb1 Qe7 26. Qc2 Bc7 27. R4b2 Qd8 28. Rc1 Qe7 29. Ndb1 Bd8 30. Na3 Bc8 31. Nab5 Ra6 32. Na2 Rxa2 33. Rxa2 Nfxe4 34. Bxc5 Nxc5 35. Bg4 Bb7 36. Re1 g6 37. Qd2 Kh7 38. Ra7 f5 39. Bd1 Qf8 40. Bc2 Bg5 41. Qe2 Kh8 42. Nc3 Bf6 43. Rb1 Bd8 44. Na4 Nd7 45. Qe3 Bc8 46. f3 Bg5 47. Qf2 Bd8 48. Kh1 Qe8 49. Bd3 Kg8 50. Qe1 Bb7 51. c5 dxc5 52. Bb5 Bc7 53. d6 Bd8 54. Bxd7 Qxd7 55. Nxb6 Qxd6 56. Nc4 Qd5 57. Qxe5 Qxe5 58. Nxe5 Bc7 59. Nd7 1-0